[Event "Hannover-ch MT"]
[Site "Hannover"]
[Date "2004.09.18"]
[Round "5"]
[White "Droemann, Thomas"]
[Black "Fischer, Klaus"]
[Result "1-0"]
[WhiteElo "1746"]
[BlackElo "1648"]
[PlyCount "47"]
[EventDate "2004.09.16"]
[EventType "swiss"]
[EventRounds "7"]
[EventCountry "GER"]
[SourceTitle "EXT 2021"]
[Source "ChessBase"]
[SourceDate "2020.10.23"]
[SourceVersion "1"]
[SourceVersionDate "2020.10.23"]
[SourceQuality "1"]

1. d4 c5 2. d5 e5 3. e4 d6 4. c4 Be7 5. Bd3 Bg5 6. Nf3 Bxc1 7. Qxc1 Nh6 8. Qc2 0-0 9. Nc3 f5 10. 0-0-0 Na6 11. a3 Nc7 12. exf5 Bxf5 13. Ne4 Rb8 14. Neg5 Bxd3 15. Qxd3 g6 16. h4 Ng4 17. Rd2 Rf6 18. h5 h6 19. hxg6 hxg5 20. g7 Rh6 21. Rxh6 Nxh6 22. Qg6 Qe8 23. Qxh6 Na6 24. Nxg5 1-0

[Event "Hannover-ch MT"]
[Site "Hannover"]
[Date "2004.09.17"]
[Round "3"]
[White "Droemann, Thomas"]
[Black "Wall, Max"]
[Result "0-1"]
[WhiteElo "1746"]
[BlackElo "1716"]
[PlyCount "46"]
[EventDate "2004.09.16"]
[EventType "swiss"]
[EventRounds "7"]
[EventCountry "GER"]
[SourceTitle "EXT 2021"]
[Source "ChessBase"]
[SourceDate "2020.10.23"]
[SourceVersion "1"]
[SourceVersionDate "2020.10.23"]
[SourceQuality "1"]

1. e4 c5 2. Nf3 d6 3. d4 cxd4 4. Nxd4 Nf6 5. Bd3 g6 6. 0-0 Bg7 7. c3 0-0 8. Bg5 Nc6 9. Nf3 a6 10. h3 b5 11. a3 Be6 12. Nbd2 Na5 13. Qe2 Qc7 14. Rac1 h6 15. Bh4 Nh5 16. Nd4 Bc4 17. Qe3 Bxd3 18. Qxd3 Nc4 19. Nxc4 bxc4 20. Qd2 Rab8 21. Ne2 Kh7 22. f3 Qb6+ 23. Bf2 Qxb2 0-1